Editorial
Saved in:
| Main Authors: | , |
|---|---|
| Format: | Article (Journal) Editorial |
| Language: | English |
| Published: |
March 9, 2005
|
| In: |
European journal of ageing
Year: 2005, Volume: 2, Issue: 1, Pages: 1 |
| ISSN: | 1613-9380 |
| DOI: | 10.1007/s10433-005-0023-8 |
| Online Access: | Verlag, kostenfrei, Volltext: http://dx.doi.org/10.1007/s10433-005-0023-8 |
| Author Notes: | Hans-Werner Wahl, Dorly Deeg |
MARC
| LEADER | 00000caa a22000002c 4500 | ||
|---|---|---|---|
| 001 | 1553078713 | ||
| 003 | DE-627 | ||
| 005 | 20220813125307.0 | ||
| 007 | cr uuu---uuuuu | ||
| 008 | 170202s2005 xx |||||o 00| ||eng c | ||
| 024 | 7 | |a 10.1007/s10433-005-0023-8 |2 doi | |
| 035 | |a (DE-627)1553078713 | ||
| 035 | |a (DE-576)483078719 | ||
| 035 | |a (DE-599)BSZ483078719 | ||
| 035 | |a (OCoLC)1340959945 | ||
| 040 | |a DE-627 |b ger |c DE-627 |e rda | ||
| 041 | |a eng | ||
| 084 | |a 11 |2 sdnb | ||
| 100 | 1 | |a Wahl, Hans-Werner |d 1954- |e VerfasserIn |0 (DE-588)12164541X |0 (DE-627)081441495 |0 (DE-576)165329734 |4 aut | |
| 245 | 1 | 0 | |a Editorial |c Hans-Werner Wahl, Dorly Deeg |
| 264 | 1 | |c March 9, 2005 | |
| 300 | |a 1 | ||
| 336 | |a Text |b txt |2 rdacontent | ||
| 337 | |a Computermedien |b c |2 rdamedia | ||
| 338 | |a Online-Ressource |b cr |2 rdacarrier | ||
| 500 | |a Gesehen am 02.02.2017 | ||
| 700 | 1 | |a Deeg, Dorly |e VerfasserIn |0 (DE-588)171820754 |0 (DE-627)304340294 |0 (DE-576)132584050 |4 aut | |
| 773 | 0 | 8 | |i Enthalten in |t European journal of ageing |d Berlin : Springer, 2004 |g 2(2005), 1, Seite 1 |h Online-Ressource |w (DE-627)473206668 |w (DE-600)2169429-1 |w (DE-576)25280919X |x 1613-9380 |7 nnas |a Editorial |
| 773 | 1 | 8 | |g volume:2 |g year:2005 |g number:1 |g pages:1 |g extent:1 |a Editorial |
| 856 | 4 | 0 | |u http://dx.doi.org/10.1007/s10433-005-0023-8 |x Verlag |x Resolving-System |z kostenfrei |3 Volltext |
| 951 | |a AR | ||
| 992 | |a 20170202 | ||
| 993 | |a Editorial | ||
| 994 | |a 2005 | ||
| 998 | |g 12164541X |a Wahl, Hans-Werner |m 12164541X:Wahl, Hans-Werner |d 850000 |d 851600 |e 850000PW12164541X |e 851600PW12164541X |k 0/850000/ |k 1/850000/851600/ |p 1 |x j | ||
| 999 | |a KXP-PPN1553078713 |e 2953167285 | ||
| BIB | |a Y | ||
| SER | |a journal | ||
| JSO | |a {"note":["Gesehen am 02.02.2017"],"language":["eng"],"physDesc":[{"extent":"1 S."}],"origin":[{"dateIssuedDisp":"March 9, 2005","dateIssuedKey":"2005"}],"relHost":[{"title":[{"title":"European journal of ageing","title_sort":"European journal of ageing","subtitle":"social, behavioural and health perspectives"}],"note":["Gesehen am 19.09.2023","Fortsetzung der Druck-Ausgabe"],"origin":[{"publisher":"Springer","dateIssuedDisp":"2004-","publisherPlace":"Berlin ; Heidelberg","dateIssuedKey":"2004"}],"type":{"media":"Online-Ressource","bibl":"periodical"},"physDesc":[{"extent":"Online-Ressource"}],"id":{"zdb":["2169429-1"],"issn":["1613-9380"],"eki":["473206668"],"doi":["10.1007/10433.1613-9380"]},"language":["eng"],"person":[{"role":"edt","family":"Wahl","display":"Wahl, Hans-Werner","given":"Hans-Werner"}],"pubHistory":["1.2004 -"],"recId":"473206668","part":{"year":"2005","text":"2(2005), 1, Seite 1","volume":"2","issue":"1","pages":"1","extent":"1"},"disp":"EditorialEuropean journal of ageing"}],"title":[{"title":"Editorial","title_sort":"Editorial"}],"id":{"doi":["10.1007/s10433-005-0023-8"],"eki":["1553078713"]},"person":[{"given":"Hans-Werner","display":"Wahl, Hans-Werner","family":"Wahl","role":"aut"},{"family":"Deeg","role":"aut","given":"Dorly","display":"Deeg, Dorly"}],"recId":"1553078713","type":{"bibl":"article-journal","media":"Online-Ressource"},"name":{"displayForm":["Hans-Werner Wahl, Dorly Deeg"]}} | ||
| SRT | |a WAHLHANSWEEDITORIAL9200 | ||